000
00223 a2200097 4500
001
20069
100
_a
Thurstom A P
245
_a
Molesworths aero engrs pocketbook
260
_a
_b
E & F N Spon Ltd
_c
090
_c
14663
_d
14663
942
_a
NUST-CAE
_c
M
_c
5184
999
_c
255142
_d
255142